00374nam a2200145Ia 4500008004100000020001500041041001200056082001100068100002000079245006100099260002500160300000800185650001600193700001900209221030s9999 xx 000 0 und d a0070634572 aEnglish a105.23 aK. R. Venugopal 0aC Test Your Aptitudecby K. R. Venugopal, N. Chandrakant bTMHaNew Delhic2010 a617 aBE Computer aN. Chandrakant